[Event "4NCL 2024-25"]
[Site "England ENG"]
[Date "2025.01.25"]
[Round "3.64"]
[White "Foisor, Mihaela-Veronica"]
[Black "Turner, Max N"]
[Result "0-1"]
[WhiteTitle "WIM"]
[BlackTitle "CM"]
[WhiteElo "2149"]
[BlackElo "2255"]
[WhiteTeam "The Sharks 2"]
[BlackTeam "Chessable White Rose 1"]
[WhiteFideId "2270757"]
[BlackFideId "447722"]
[EventDate "2024.11.23"]

1. c4 e6 2. Nc3 d5 3. d4 Nf6 4. Nf3 c6 5. e3 Nbd7 6. Bd3 dxc4 7. Bxc4 b5 8. Be2
Bb7 9. O-O a6 10. a3 c5 11. dxc5 Bxc5 12. b4 Ba7 13. a4 Qc7 14. Bb2 Ng4 15. g3
bxa4 16. Nxa4 Rd8 17. Rc1 Qb8 18. Nd4 Nge5 19. f4 Ng6 20. Nc5 Nxc5 21. bxc5 O-O
22. Qb3 Bd5 23. Qxb8 Rxb8 24. Ba3 a5 25. c6 Bxd4 26. exd4 Rfc8 27. c7 Rb6 28.
Rb1 Bb3 29. Bc5 Rb7 30. Ba6 Rcxc7 31. Bxb7 Rxb7 32. f5 exf5 33. Rxf5 a4 34. d5
f6 35. Re1 Bc2 36. Rf2 Bb3 37. d6 Rd7 38. Re8+ Kf7 39. Rc8 Ne5 40. Re2 Ke6 41.
Bb4 Rb7 42. Re8+ Kd5 43. Rd2+ Kc4 44. Rxe5 fxe5 45. d7 Rxd7 46. Rxd7 Kxb4 47.
Rb7+ Kc3 48. Rc7+ Kb2 49. Rxg7 a3 50. Rxh7 a2 51. Ra7 a1=Q+ 52. Rxa1 Kxa1 53.
Kf2 Kb2 54. Ke3 Bc2 55. g4 Kc3 56. h4 Kc4 57. h5 Kd5 58. g5 Bd1 0-1

[Event "4NCL 2024-25"]
[Site "England ENG"]
[Date "2025.01.25"]
[Round "3.65"]
[White "Li, Harry"]
[Black "Birtwistle, Nigel"]
[Result "1/2-1/2"]
[WhiteElo "2228"]
[BlackElo "2025"]
[WhiteTeam "Chessable White Rose 1"]
[BlackTeam "The Sharks 2"]
[WhiteFideId "430145"]
[BlackFideId "406945"]
[EventDate "2024.11.23"]

1. e4 c5 2. Nf3 g6 3. d4 cxd4 4. Nxd4 Nc6 5. c4 Nf6 6. Nc3 Nxd4 7. Qxd4 d6 8.
Be2 Bg7 9. O-O O-O 10. Qd3 Be6 11. Be3 a5 12. b3 Nd7 13. Qd2 Nc5 14. f3 Qb6 15.
Rab1 Qb4 16. Rfc1 Rfc8 17. Rc2 a4 18. bxa4 Qa5 19. Nd5 Bxd5 20. cxd5 Qxa4 21. g3
Rc7 22. Bb5 Qa3 23. Bf1 1/2-1/2

[Event "4NCL 2024-25"]
[Site "England ENG"]
[Date "2025.01.25"]
[Round "3.67"]
[White "Nakara Husain"]
[Black "Milson, Samuel A"]
[Result "1/2-1/2"]
[WhiteElo "1701"]
[BlackElo "2090"]
[WhiteTeam "Chessable White Rose 1"]
[BlackTeam "The Sharks 2"]
[WhiteFideId "25636111"]
[BlackFideId "418838"]
[EventDate "2024.11.23"]

1. e4 e6 2. d4 d5 3. e5 c5 4. c3 Nc6 5. Nf3 Bd7 6. a3 Qb6 7. Be2 Nh6 8. b4 cxd4
9. cxd4 Nf5 10. Bb2 Be7 11. O-O h5 12. b5 Na5 13. Nc3 Rc8 14. Na4 Qd8 15. Rc1
Rxc1 16. Qxc1 a6 17. Nc3 Qb6 18. Na4 Qd8 19. Nc3 Qb6 20. Na4 Qd8 21. Nc3 Qb6 1/2-1/2

[Event "4NCL 2024-25"]
[Site "England ENG"]
[Date "2025.01.25"]
[Round "3.68"]
[White "McCarthy, Kevin C"]
[Black "Carroll, Thomas"]
[Result "0-1"]
[WhiteElo "1944"]
[BlackElo "2147"]
[WhiteTeam "The Sharks 2"]
[BlackTeam "Chessable White Rose 1"]
[WhiteFideId "470775"]
[BlackFideId "450111"]
[EventDate "2024.11.23"]

1. d4 Nf6 2. Nc3 d5 3. Bf4 c5 4. e3 cxd4 5. exd4 a6 6. Bd3 Nc6 7. Nge2 e6 8. a3
Bd7 9. O-O Rc8 10. Qd2 Qb6 11. Na4 Qa7 12. Be3 Ng4 13. Nac3 Nxe3 14. Qxe3 Be7
15. Nd1 Na5 16. c3 Bb5 17. Bxb5+ axb5 18. Qg3 O-O 19. Ne3 Nc4 20. Nxc4 bxc4 21.
Qe3 Qa4 22. Qd2 Rc6 23. g3 Rb6 24. Rfb1 Ra8 25. Nc1 g6 26. Na2 Kg7 27. Qc1 h5
28. h4 Rba6 29. Qd1 Qc6 30. Nb4 Bxb4 31. axb4 Ra2 32. Qe1 Qa4 33. Rxa2 Qxa2 34.
Kg2 Kf8 35. Kf3 Ra6 36. Kf4 f6 37. Qd1 Kf7 38. Qc2 Rd6 39. Re1 Qa8 40. Kf3 Ra6
41. Qd2 Kg7 42. Qf4 Qd8 43. Re2 g5 44. hxg5 fxg5 45. Qe3 Qf6+ 46. Kg2 Kf7 47. f3
Ra1 48. Re1 Ra2 49. Re2 Qf5 50. Rf2 Ra1 51. Re2 Rd1 52. Rd2 Rb1 53. Re2 Ra1 54.
Qe5 Qxe5 55. Rxe5 Kf6 56. Re2 Ra8 57. Kh3 Ke7 58. Re5 Rg8 59. Re2 Kd6 60. b3
cxb3 61. Rb2 Kc6 62. Rxb3 Kb5 63. Ra3 Kc4 64. Kg2 Kd3 65. b5 Rc8 66. Ra7 Rc7 67.
b6 Rd7 68. Ra3 Rd6 69. Rb3 Kc2 70. Rb5 Kxc3 71. Rc5+ Kxd4 72. Rc7 Rxb6 73. Rg7 0-1

[Event "4NCL 2024-25"]
[Site "England ENG"]
[Date "2025.01.26"]
[Round "4.11"]
[White "Harvey, Marcus R"]
[Black "Emms, John M"]
[Result "1-0"]
[WhiteTitle "IM"]
[BlackTitle "GM"]
[WhiteElo "2474"]
[BlackElo "2411"]
[WhiteTeam "Wood Green"]
[BlackTeam "Chessable White Rose 1"]
[WhiteFideId "400092"]
[BlackFideId "400254"]
[EventDate "2024.11.23"]

1. c4 e6 2. Nf3 d5 3. e3 Nf6 4. b3 c5 5. cxd5 exd5 6. Bb5+ Nc6 7. O-O Bd6 8. d4
cxd4 9. Qxd4 O-O 10. Qh4 a6 11. Bxc6 bxc6 12. Ba3 Bxa3 13. Nxa3 Qd6 14. Nb1 Ne4
15. Rc1 a5 16. Nc3 Nxc3 17. Rxc3 Bd7 18. Qg3 Qb4 19. Rcc1 Rfc8 20. Ne5 Qe7 21.
Nxd7 Qxd7 22. Rc5 Qb7 23. Qf4 Qb4 24. Rac1 Qxf4 25. exf4 Kf8 26. Kf1 Ke7 27.
Rxc6 Rxc6 28. Rxc6 a4 29. b4 a3 30. Rc3 Kd6 31. Ke2 Re8+ 32. Re3 Rb8 33. Rb3 Kc6
34. Kd3 Ra8 35. Rc3+ Kb5 36. Rc7 Kxb4 37. Rxf7 Kc5 38. Rxg7 Rb8 39. Rc7+ Kd6 40.
Rc3 Rb2 41. Rc2 Rb4 42. g3 Ke6 43. Rc6+ Kf7 44. Rc3 Rb2 45. Rc2 Rb4 46. Kc3 Rb1
47. Re2 h5 48. Re5 Rb2 49. Rxd5 Rxa2 50. Rxh5 Rxf2 51. Ra5 a2 52. Kd4 Rxh2 53.
Ke4 Ke7 54. g4 Rb2 55. g5 Rb4+ 56. Kf3 Rb2 57. Kg4 Kf7 58. Ra7+ Kg8 59. Kf5 Rf2
60. Ke5 Kf8 61. f5 Rb2 62. g6 Kg8 63. Kf6 Rb6+ 64. Kg5 1-0

[Event "4NCL 2024-25"]
[Site "England ENG"]
[Date "2025.01.26"]
[Round "4.12"]
[White "Palliser, Richard J D"]
[Black "Speelman, Jon S"]
[Result "1/2-1/2"]
[WhiteTitle "IM"]
[BlackTitle "GM"]
[WhiteElo "2353"]
[BlackElo "2492"]
[WhiteTeam "Chessable White Rose 1"]
[BlackTeam "Wood Green"]
[WhiteFideId "407372"]
[BlackFideId "400033"]
[EventDate "2024.11.23"]

1. e4 c6 2. d4 d5 3. Nc3 dxe4 4. Nxe4 Nf6 5. Nxf6+ exf6 6. Be3 Bd6 7. Bd3 O-O 8.
Ne2 Na6 9. a3 Re8 10. O-O Nc7 11. c4 f5 12. Re1 Qf6 13. Qd2 Ne6 14. d5 cxd5 15.
cxd5 Nc5 16. Bg5 Qg6 17. Nd4 Bd7 18. Bc2 Ne4 19. Bxe4 fxe4 20. Bf4 Rad8 21. Ne2
Bb5 22. Nc3 Bd3 23. Bxd6 Qxd6 24. Qe3 b6 25. Rad1 f5 26. Qd4 Kf7 27. f3 Qf6 28.
Qf2 Re7 29. fxe4 fxe4 30. Qe3 Qd6 31. Rd2 Qc5 1/2-1/2

[Event "4NCL 2024-25"]
[Site "England ENG"]
[Date "2025.01.26"]
[Round "4.13"]
[White "Tan, Justin2"]
[Black "Chow, Samuel"]
[Result "1-0"]
[WhiteTitle "GM"]
[BlackTitle "FM"]
[WhiteElo "2512"]
[BlackElo "2354"]
[WhiteTeam "Wood Green"]
[BlackTeam "Chessable White Rose 1"]
[WhiteFideId "3206882"]
[BlackFideId "3202992"]
[EventDate "2024.11.23"]

1. e4 e6 2. d4 d5 3. Nc3 Nf6 4. e5 Nfd7 5. f4 c5 6. Nf3 Nc6 7. Be3 a6 8. Ne2 Qb6
9. Qc1 Be7 10. c3 O-O 11. h4 f6 12. Rh3 cxd4 13. cxd4 Rf7 14. h5 fxe5 15. fxe5
Nf8 16. Kf2 Bd7 17. Kg1 Rc8 18. Qd2 Qb4 19. Nc3 Na5 20. h6 g6 21. Bg5 Nc4 22.
Bxc4 Rxc4 23. Bxe7 Rxe7 24. a3 Qb6 25. Rh4 Bc8 26. Ng5 Nd7 27. Rf1 Nxe5 28. Rhf4
Nd7 29. Qf2 Qd8 30. Nf7 Qe8 31. Ne5 1-0

[Event "4NCL 2024-25"]
[Site "England ENG"]
[Date "2025.01.26"]
[Round "4.14"]
[White "Turner, Max N"]
[Black "Turner, Matthew J"]
[Result "1/2-1/2"]
[WhiteTitle "CM"]
[BlackTitle "GM"]
[WhiteElo "2255"]
[BlackElo "2435"]
[WhiteTeam "Chessable White Rose 1"]
[BlackTeam "Wood Green"]
[WhiteFideId "447722"]
[BlackFideId "402893"]
[EventDate "2024.11.23"]

1. d4 Nf6 2. c4 g6 3. Nf3 Bg7 4. e3 O-O 5. Be2 d6 6. Nc3 Nc6 7. d5 Nb4 8. O-O e6
9. dxe6 Bxe6 10. Nd4 Bd7 11. Bf3 Nc6 12. b3 Nxd4 13. exd4 Rb8 14. Bf4 Re8 15.
Rc1 Bf5 16. g4 Be4 17. Nxe4 Nxe4 18. Be3 Qh4 19. Bg2 Re7 20. Qf3 Bh6 21. Bxh6
Qxh6 22. Qe3 Qh4 23. Qf4 Rbe8 24. Rfe1 Nc3 25. Rxe7 Qxe7 26. Bf3 Ne2+ 27. Bxe2
Qxe2 28. h3 Qxa2 29. Qf3 Qb2 30. Rd1 c6 31. Qg3 Re4 32. d5 c5 33. Rd3 Re1+ 34.
Kh2 Qe5 35. Qxe5 Rxe5 36. Kg3 Re2 37. h4 Rb2 38. Re3 Kf8 39. h5 a6 40. f3 gxh5
41. gxh5 h6 42. Kg4 b5 43. Kf5 Rh2 44. f4 Rh4 45. Re2 bxc4 46. bxc4 a5 47. Ra2
Ke7 48. Rxa5 Rxh5+ 49. Kg4 Rh1 50. Kf5 Rg1 51. Ra3 Kf8 52. Kf6 Rg6+ 53. Kf5 Kg7
54. Rh3 Rg1 55. Rh2 h5 56. Rxh5 Rc1 57. Rg5+ Kf8 58. Kf6 Rxc4 59. f5 Rh4 60. Rh5
Rxh5 1/2-1/2

[Event "4NCL 2024-25"]
[Site "England ENG"]
[Date "2025.01.26"]
[Round "4.15"]
[White "Wadsworth, Matthew J"]
[Black "Li, Harry"]
[Result "1/2-1/2"]
[WhiteTitle "IM"]
[WhiteElo "2500"]
[BlackElo "2228"]
[WhiteTeam "Wood Green"]
[BlackTeam "Chessable White Rose 1"]
[WhiteFideId "415804"]
[BlackFideId "430145"]
[EventDate "2024.11.23"]

1. Nf3 d5 2. g3 Nf6 3. Bg2 e6 4. O-O Be7 5. c4 O-O 6. d4 dxc4 7. Qc2 b5 8. a4 b4
9. Ne5 Qxd4 10. Bxa8 Qxe5 11. Bf4 Qh5 12. Bf3 Ng4 13. Bxg4 Qxg4 14. Qxc4 e5 15.
Qxc7 exf4 16. Qxe7 fxg3 17. Nd2 gxf2+ 18. Kxf2 Qd4+ 19. Qe3 Qxb2 20. Qf4 Be6 21.
Rab1 Qa2 22. Rxb4 Nc6 23. Rbb1 a5 24. Rb6 Nb4 25. Rb8 Qxa4 26. Rxf8+ Kxf8 27.
Qd6+ Ke8 28. Qb8+ Ke7 29. Rc1 Nd5 30. Qa7+ Qd7 31. Qxa5 Qd6 32. Nf3 Qf4 33. Qc5+
Qd6 34. Qa7+ Bd7 35. Rd1 Qb6+ 36. Qxb6 Nxb6 37. Rd4 h6 38. h4 Be6 39. Kg3 Nd5
40. e4 Nf6 41. Rb4 Nh5+ 42. Kf2 Nf4 43. Ke3 Ng2+ 44. Kd4 Bg4 45. Rb7+ Ke6 46.
Ne5 Bh5 47. Nc6 Nxh4 48. Nd8+ Kf6 49. e5+ Kf5 50. Nxf7 Bxf7 51. Rxf7+ Ke6 52.
Rf8 Ng6 53. Re8+ Kf5 54. e6 h5 55. Kd5 h4 56. e7 Kg4 57. Ke6 h3 58. Rh8 Nxe7 59.
Kxe7 Kg3 60. Ke6 h2 61. Kf5 Kg2 62. Rxh2+ Kxh2 63. Kg6 Kg3 64. Kxg7 1/2-1/2

[Event "4NCL 2024-25"]
[Site "England ENG"]
[Date "2025.01.26"]
[Round "4.16"]
[White "Sucikova, Svetlana"]
[Black "Jackson, James P"]
[Result "0-1"]
[WhiteTitle "WIM"]
[BlackTitle "IM"]
[WhiteElo "2175"]
[BlackElo "2367"]
[WhiteTeam "Chessable White Rose 1"]
[BlackTeam "Wood Green"]
[WhiteFideId "14923653"]
[BlackFideId "416860"]
[EventDate "2024.11.23"]

1. Nf3 Nf6 2. g3 g6 3. Bg2 Bg7 4. O-O O-O 5. c4 d6 6. d4 c5 7. Nc3 Nc6 8. dxc5
dxc5 9. Be3 Be6 10. Bxc5 Qa5 11. Be3 Bxc4 12. Nd4 Ne5 13. Nb3 Qc7 14. Rc1 Rad8
15. Qc2 b6 16. Bf4 Qb8 17. Rfd1 Rc8 18. Nd4 Nd5 19. Qa4 Nxf4 20. gxf4 Ng4 21. e3
Bxd4 22. Rxd4 b5 23. Qb4 e5 24. fxe5 Nxe5 25. Qe7 Nd3 26. Rd1 Rfe8 27. Qh4 Nxb2
28. Rb1 Bd3 29. Rxd3 Nxd3 30. Nd5 Qe5 31. Nf6+ Kg7 32. Nxe8+ Rxe8 33. Bc6 Rb8
34. Rd1 Rb6 35. Qd4 Qxd4 36. exd4 Rxc6 37. Rxd3 Kf6 38. Kg2 b4 39. a3 Rc3 40.
Rd2 Rxa3 41. d5 Ke7 0-1

[Event "4NCL 2024-25"]
[Site "England ENG"]
[Date "2025.01.26"]
[Round "4.17"]
[White "Haydon, David L"]
[Black "Nakara Husain"]
[Result "1-0"]
[WhiteTitle "FM"]
[WhiteElo "2278"]
[BlackElo "1701"]
[WhiteTeam "Wood Green"]
[BlackTeam "Chessable White Rose 1"]
[WhiteFideId "415405"]
[BlackFideId "25636111"]
[EventDate "2024.11.23"]

1. Nf3 d5 2. e3 Nf6 3. b3 g6 4. Bb2 Bg7 5. c4 e6 6. Be2 b6 7. Qc2 Bb7 8. d4 Nbd7
9. Nc3 c6 10. O-O O-O 11. Rad1 Rc8 12. Ne5 Nxe5 13. dxe5 Nd7 14. f4 f6 15. exf6
Bxf6 16. Ba3 Re8 17. Bg4 Bg7 18. Ne2 Nf6 19. Bh3 Rc7 20. Nd4 Bc8 21. Nf3 Ne4 22.
Bb2 g5 23. g3 h5 24. Ne5 h4 25. Bg2 Nd6 26. Bf3 hxg3 27. hxg3 Nf5 28. Qf2 Qe7
29. Bh5 Rf8 30. Ng6 Qc5 31. Bd4 Qb4 32. Nxf8 Bxf8 33. fxg5 Qd6 34. g4 Qg3+ 35.
Qxg3 Nxg3 36. Rxf8+ Kxf8 37. Be5 Nxh5 38. Bxc7 Ng7 39. Rf1+ Kg8 40. g6 e5 41.
Bd6 Ne6 42. Rf7 dxc4 43. bxc4 Ba6 44. Rxa7 Bxc4 45. Bxe5 Kf8 46. g7+ Nxg7 47.
Bxg7+ 1-0

[Event "4NCL 2024-25"]
[Site "England ENG"]
[Date "2025.01.26"]
[Round "4.18"]
[White "Carroll, Thomas"]
[Black "Hunt, Harriet V"]
[Result "1/2-1/2"]
[BlackTitle "IM"]
[WhiteElo "2147"]
[BlackElo "2296"]
[WhiteTeam "Chessable White Rose 1"]
[BlackTeam "Wood Green"]
[WhiteFideId "450111"]
[BlackFideId "403512"]
[EventDate "2024.11.23"]

1. d4 Nf6 2. Nf3 e6 3. Bg5 c5 4. e3 cxd4 5. exd4 b6 6. Bd3 Bb7 7. O-O Be7 8. c4
O-O 9. Nc3 h6 10. Bxf6 Bxf6 11. Be4 d5 12. cxd5 exd5 13. Bc2 Nc6 14. Qd3 g6 15.
a3 Rc8 16. Rfe1 Bg7 17. Rad1 Qd6 18. Qe3 a6 19. Bb1 Rc7 20. Qd3 Na5 21. Re2 Nc4
22. Rde1 Qc6 23. Nd1 Bc8 24. Ne3 b5 25. h4 h5 26. Ne5 Qd6 27. f4 Nxe3 28. Qxe3
Qf6 29. Qf3 Qxh4 30. g3 Qf6 31. f5 Bxf5 32. Bxf5 Qxf5 33. Qxf5 gxf5 34. Rf2 Re8
35. Rxf5 Rc2 36. Ref1 Re7 37. R1f2 Rc1+ 38. Kg2 Rd1 39. Rxh5 Rc7 40. Rhf5 Rxd4
41. Nxf7 Rd3 42. Ng5 Re7 43. Rc2 Bh6 44. Rc6 Bxg5 45. Rxg5+ Kf7 46. Rf5+ Kg7 47.
Rg5+ Kf7 48. Rf5+ Kg7 49. Rg5+ 1/2-1/2

[Event "4NCL 2024-25"]
[Site "England ENG"]
[Date "2025.01.26"]
[Round "4.21"]
[White "Lupulescu, Constantin"]
[Black "Bazakutsa, Svyatoslav"]
[Result "1-0"]
[WhiteTitle "GM"]
[BlackTitle "IM"]
[WhiteElo "2577"]
[BlackElo "2474"]
[WhiteTeam "Manx Liberty"]
[BlackTeam "Wood Green Youth"]
[WhiteFideId "1207822"]
[BlackFideId "14198525"]
[EventDate "2024.11.23"]

1. d4 Nf6 2. c4 g6 3. Nc3 Bg7 4. e4 d6 5. Be2 O-O 6. Be3 c5 7. dxc5 Qa5 8. Bd2
Qxc5 9. Nf3 Bg4 10. Be3 Qa5 11. O-O Rc8 12. a3 Nc6 13. b4 Qd8 14. Qb3 Nd7 15.
Rad1 a5 16. h3 Bxf3 17. Bxf3 axb4 18. axb4 Qf8 19. Be2 Bxc3 20. Qxc3 Ra2 21. Bg4
Nce5 22. Bxd7 Nxd7 23. c5 Nf6 24. e5 dxe5 25. Qxe5 Ra6 26. Rd3 h5 27. b5 Ra5 28.
Qb2 Qe8 29. Rb1 Rca8 30. Bd2 Ra2 31. Qe5 Rd8 32. Rxd8 Qxd8 33. Bc3 Qd3 34. Re1
Rc2 35. Bd4 Rd2 36. Be3 Rd1 37. Rxd1 Qxd1+ 38. Kh2 Qd7 39. c6 bxc6 40. b6 Ne8
41. Qb8 Qd6+ 42. Bf4 Qxb8 43. Bxb8 Nf6 44. b7 Nd7 45. Be5 f6 46. b8=Q+ Nxb8 47.
Bxb8 Kf7 48. Kg3 Ke6 49. Bc7 Kd7 50. Bb6 e5 51. f4 Ke6 52. Kf3 Kf5 53. fxe5 Kxe5
54. Ke3 Kf5 55. Bd4 g5 56. Kf3 Ke6 57. g4 f5 58. gxh5 Kf7 59. Bc3 c5 60. Bb2 c4
61. Bc3 Kg8 62. Bf6 c3 63. Bxg5 c2 64. Ke2 1-0

[Event "4NCL 2024-25"]
[Site "England ENG"]
[Date "2025.01.26"]
[Round "4.22"]
[White "Willow, Jonah B"]
[Black "Csonka, Balazs"]
[Result "1/2-1/2"]
[WhiteTitle "IM"]
[BlackTitle "IM"]
[WhiteElo "2471"]
[BlackElo "2459"]
[WhiteTeam "Wood Green Youth"]
[BlackTeam "Manx Liberty"]
[WhiteFideId "438804"]
[BlackFideId "742910"]
[EventDate "2024.11.23"]

1. e4 e5 2. Nf3 Nc6 3. Bb5 Nf6 4. d3 Bc5 5. Bxc6 dxc6 6. O-O Qe7 7. Nbd2 a5 8.
Nc4 Nd7 9. c3 O-O 10. Re1 Rd8 11. d4 exd4 12. cxd4 Bb4 13. Re2 Nb6 14. Nxb6 cxb6
15. a3 Bc5 16. Bg5 f6 17. Bh4 Qf7 18. Rd2 Bf8 19. d5 Bg4 1/2-1/2

[Event "4NCL 2024-25"]
[Site "England ENG"]
[Date "2025.01.26"]
[Round "4.23"]
[White "Royal, Shreyas"]
[Black "Czopor, Maciej"]
[Result "0-1"]
[WhiteTitle "GM"]
[BlackTitle "FM"]
[WhiteElo "2465"]
[BlackElo "2412"]
[WhiteTeam "Manx Liberty"]
[BlackTeam "Wood Green Youth"]
[WhiteFideId "448869"]
[BlackFideId "21805431"]
[EventDate "2024.11.23"]

1. d4 Nf6 2. c4 e6 3. Nf3 d5 4. Nc3 c5 5. cxd5 Nxd5 6. e4 Nxc3 7. bxc3 cxd4 8.
cxd4 Bb4+ 9. Bd2 Bxd2+ 10. Qxd2 O-O 11. h4 b6 12. Rd1 Bb7 13. Bd3 Nc6 14. Qe3
Rc8 15. O-O Re8 16. h5 h6 17. Bb1 Nb8 18. e5 Nd7 19. Rfe1 Nf8 20. Qf4 Re7 21.
Nd2 Rd7 22. Ne4 Bxe4 23. Rxe4 Rc3 24. Qd2 Rdc7 25. Rg4 Kh8 26. Be4 Qc8 27. Qf4
Qe8 28. Kh2 Nh7 29. d5 f5 30. exf6 Nxf6 31. Bg6 Qd7 32. Re1 exd5 33. Rg3 Rxg3
34. Re8+ Qxe8 35. Bxe8 Rgc3 36. Bb5 Kg8 37. Qf5 Re7 38. f3 Rc5 39. a4 d4 40. Qf4
Rxh5+ 41. Kg1 Rhe5 42. Qxd4 g6 43. f4 Re1+ 44. Kf2 Kg7 45. Bc6 R1e2+ 46. Kg3 Rc2
47. Bf3 Rc5 48. Qd6 Rf7 49. Kh2 h5 50. Qe6 Rf5 51. Kg3 h4+ 52. Kxh4 Rxf4+ 53.
Kh3 Rxa4 54. g4 g5 55. Bd1 Ra3+ 56. Kg2 Rd7 57. Kf2 Ra5 58. Ke2 Rad5 59. Bb3 Rd4
60. Kf1 Rf4+ 61. Kg1 Rxg4+ 62. Kh1 Re4 63. Qf5 Re1+ 0-1

[Event "4NCL 2024-25"]
[Site "England ENG"]
[Date "2025.01.26"]
[Round "4.24"]
[White "Derakhshani, Borna"]
[Black "Parligras, Mircea-Emilian"]
[Result "1/2-1/2"]
[WhiteTitle "FM"]
[BlackTitle "GM"]
[WhiteElo "2364"]
[BlackElo "2507"]
[WhiteTeam "Wood Green Youth"]
[BlackTeam "Manx Liberty"]
[WhiteFideId "12518450"]
[BlackFideId "1204297"]
[EventDate "2024.11.23"]

1. e4 c5 2. Nf3 d6 3. d4 cxd4 4. Nxd4 Nf6 5. Nc3 a6 6. Be2 e5 7. Nb3 Be7 8. Be3
Be6 9. Nd5 Nbd7 10. Qd3 O-O 11. O-O Bxd5 12. exd5 Rc8 13. c4 a5 14. Rac1 g6 15.
Bh6 Re8 16. Qh3 Bf8 17. Bg5 Be7 18. Bh6 Bf8 19. Bg5 Be7 1/2-1/2

[Event "4NCL 2024-25"]
[Site "England ENG"]
[Date "2025.01.26"]
[Round "4.25"]
[White "Grieve, Harry"]
[Black "O'Donnell, Conor"]
[Result "1-0"]
[WhiteTitle "IM"]
[BlackTitle "FM"]
[WhiteElo "2472"]
[BlackElo "2289"]
[WhiteTeam "Manx Liberty"]
[BlackTeam "Wood Green Youth"]
[WhiteFideId "426520"]
[BlackFideId "2504243"]
[EventDate "2024.11.23"]

1. e4 e5 2. Nf3 Nf6 3. d4 Nxe4 4. dxe5 d5 5. Nbd2 Qd7 6. Nd4 Nc6 7. e6 fxe6 8.
Nxc6 bxc6 9. Nxe4 dxe4 10. Qh5+ g6 11. Qe5 Bg7 12. Qxe4 Qd5 13. Bd3 O-O 14. O-O
Rb8 15. c3 Rd8 16. Bc2 Ba6 17. Re1 Bc4 18. Qg4 Bxa2 19. h4 a6 20. Be4 Qc4 21. h5
Rb5 22. hxg6 h5 23. Qh4 Rd7 24. Rxa2 Qxa2 25. Bxc6 1-0

[Event "4NCL 2024-25"]
[Site "England ENG"]
[Date "2025.01.26"]
[Round "4.26"]
[White "Fitzsimons, David"]
[Black "Galyas, Miklos"]
[Result "0-1"]
[WhiteTitle "IM"]
[BlackTitle "GM"]
[WhiteElo "2303"]
[BlackElo "2387"]
[WhiteTeam "Wood Green Youth"]
[BlackTeam "Manx Liberty"]
[WhiteFideId "2501961"]
[BlackFideId "707244"]
[EventDate "2024.11.23"]

1. e4 c6 2. d4 d5 3. e5 Bf5 4. Nd2 e6 5. Nb3 a6 6. Nf3 c5 7. dxc5 Bxc5 8. Nxc5
Qa5+ 9. c3 Qxc5 10. Be3 Qc7 11. Qa4+ Nc6 12. Be2 Ne7 13. Bc5 O-O 14. O-O Nxe5
15. Nxe5 Qxe5 16. Rfe1 Qc7 17. Qb4 Nc6 18. Qb3 Rfe8 19. Rad1 b5 20. a4 Na5 21.
Qb4 Nc4 22. Bxc4 bxc4 23. Bd6 Qc6 24. a5 Bd3 25. Qb6 Rac8 26. b4 Qd7 27. Bg3 Rc6
28. Qd4 f6 29. f4 Qe7 30. h3 Be4 31. Rd2 e5 32. Qe3 Re6 33. Rf2 g5 34. fxe5 f5
35. Bh2 f4 36. Qd4 Rxe5 37. Rb2 Bd3 38. Rxe5 Qxe5 39. Qxe5 Rxe5 40. Kf2 d4 41.
cxd4 c3 42. Rc2 Bxc2 43. dxe5 Be4 44. Ke2 Bxg2 45. Kd3 Bxh3 46. Kxc3 Kf7 47. Kd4
Ke6 48. Bg1 Bg2 49. Bh2 h5 50. Bg1 h4 51. Bh2 h3 0-1

[Event "4NCL 2024-25"]
[Site "England ENG"]
[Date "2025.01.26"]
[Round "4.27"]
[White "Wu, Li"]
[Black "Kalaiyalahan, Akshaya"]
[Result "1-0"]
[WhiteTitle "FM"]
[BlackTitle "FM"]
[WhiteElo "2278"]
[BlackElo "2135"]
[WhiteTeam "Manx Liberty"]
[BlackTeam "Wood Green Youth"]
[WhiteFideId "411086"]
[BlackFideId "422894"]
[EventDate "2024.11.23"]

1. c4 Nf6 2. Nc3 e6 3. d4 d5 4. cxd5 exd5 5. Bg5 Be7 6. e3 c6 7. Bd3 Nbd7 8. h3
Nf8 9. Nf3 Ne6 10. Bh4 O-O 11. Qc2 g6 12. O-O Ng7 13. Bxf6 Bxf6 14. b4 Bf5 15.
Rfc1 Rc8 16. Rab1 a6 17. Na4 Bxd3 18. Qxd3 Nf5 19. Nc5 Nd6 20. g3 Re8 21. Kg2
Rc7 22. Rb3 Bg7 23. a4 h5 24. h4 Bf6 25. Qb1 Qe7 26. Nd3 Nc4 27. Qa2 Rec8 28.
Re1 Qe8 29. Nf4 Nd6 30. b5 axb5 31. axb5 Nxb5 32. Rxb5 cxb5 33. Nxd5 Qe6 34. e4
Rc2 35. Qb1 Bd8 36. Qxb5 b6 37. Ne5 Kg7 38. Re3 Bc7 39. Nd3 Qe8 40. Qb3 Rc6 41.
e5 Qd7 42. N5b4 Re6 43. d5 Ree8 44. Nc6 Bd8 45. Rf3 Rf8 46. Qc4 Qb7 47. Qe4 Be7
48. Nf4 b5 49. e6 f5 50. Qd4+ Bf6 51. Qc5 Rfe8 52. Rb3 Qc7 53. Rxb5 Bxh4 54. d6
Qxc6+ 55. Qxc6 Rxc6 56. d7 Rexe6 57. Nxe6+ Rxe6 58. gxh4 Rd6 59. Rb7 Kf6 60. Rb6 1-0

[Event "4NCL 2024-25"]
[Site "England ENG"]
[Date "2025.01.26"]
[Round "4.28"]
[White "Sygnowski, Tomasz"]
[Black "Terbe, Julianna"]
[Result "0-1"]
[BlackTitle "WIM"]
[WhiteElo "2086"]
[BlackElo "2224"]
[WhiteTeam "Wood Green Youth"]
[BlackTeam "Manx Liberty"]
[WhiteFideId "1115880"]
[BlackFideId "708780"]
[EventDate "2024.11.23"]

1. e4 c5 2. Nf3 Nc6 3. d4 cxd4 4. Nxd4 Nf6 5. Nc3 e5 6. Nxc6 bxc6 7. Bd3 Bc5 8.
O-O O-O 9. Bg5 h6 10. Bh4 a5 11. Kh1 g5 12. Bg3 Qe7 13. h4 d6 14. Qe2 Kg7 15.
Nd1 Bg4 16. Qd2 Nh5 17. Bh2 gxh4 18. Be2 Bxe2 19. Qxe2 Qg5 20. Nc3 a4 21. Rad1
Kh7 22. Qf3 f5 23. Qh3 f4 24. b3 axb3 25. axb3 Rad8 26. Rd3 Rf6 27. Ne2 Rg8 28.
Ng1 Rfg6 29. Nf3 Qxg2+ 30. Qxg2 Rxg2 31. Nxh4 Rxf2 32. Rxf2 Bxf2 33. Rxd6 Bxh4 0-1